Life, a journey to eternity / (Record no. 42415)

MARC details
000 -LEADER
fixed length control field 00650nam a22002057a 4500
005 - DATE AND TIME OF LATEST TRANSACTION
control field 20100818141140.0
010 ## - LCCN (DPL NO)
LC control number ENG-100875
020 ## - INTERNATIONAL STANDARD BOOK NUMBER
Terms of availability 130.00
035 ## - SYSTEM CONTROL NUMBER
System control number EN-84408
037 ## - SOURCE OF ACQUISITION
Source of stock number/acquisition DBAD/PUB
082 ## - DEWEY DECIMAL CLASSIFICATION NUMBER
Classification number 920
100 ## - MAIN ENTRY--PERSONAL NAME
Personal name Banerjee, Brojalal
245 ## - TITLE STATEMENT
Title Life, a journey to eternity /
Statement of responsibility, etc by Brojalal Banerjee
260 ## - PUBLICATION, DISTRIBUTION, ETC. (IMPRINT)
Place of publication, distribution, etc Kolkata
Name of publisher, distributor, etc Aruna Prakashan
Date of publication, distribution, etc 2009
270 ## - ADDRESS
Address 2, Kalids Singha Lane
City Kolkata
Postal code 700009
300 ## - PHYSICAL DESCRIPTION
Extent 81p.
Dimensions 19cm (Hb)
650 ## - SUBJECT ADDED ENTRY--TOPICAL TERM
Topical term or geographic name as entry element Autobiography
942 ## - ADDED ENTRY ELEMENTS (KOHA)
Source of classification or shelving scheme Dewey Decimal Classification
Item type English Books
Classification part 920
Call number suffix BAN
Holdings
Withdrawn status Lost status Not for loan Collection code Home library Current library Date acquired Source of acquisition Cost, normal purchase price Full call number Barcode Copy number Cost, replacement price Koha item type
    Not For Loan Non-fiction D.B.Act.Division D.B.Act.Division 18/08/2010 DBAD/PUB 130.00 920 BAN EN-84408 1 130.00 English Books

© Delhi Public Library
Hit Counter
free hit counter